<?xml version="1.0" encoding="UTF-8"?><?xml-stylesheet type="text/xsl" href="static/style.xsl"?><OAI-PMH xmlns="http://www.openarchives.org/OAI/2.0/" xmlns:xsi="http://www.w3.org/2001/XMLSchema-instance" xsi:schemaLocation="http://www.openarchives.org/OAI/2.0/ http://www.openarchives.org/OAI/2.0/OAI-PMH.xsd"><responseDate>2026-04-28T19:44:44Z</responseDate><request verb="GetRecord" identifier="oai:uvadoc.uva.es:10324/76557" metadataPrefix="marc">https://uvadoc.uva.es/oai/request</request><GetRecord><record><header><identifier>oai:uvadoc.uva.es:10324/76557</identifier><datestamp>2025-07-21T19:04:40Z</datestamp><setSpec>com_10324_38</setSpec><setSpec>col_10324_852</setSpec></header><metadata><record xmlns="http://www.loc.gov/MARC21/slim" xmlns:doc="http://www.lyncode.com/xoai" xmlns:xsi="http://www.w3.org/2001/XMLSchema-instance" xmlns:dcterms="http://purl.org/dc/terms/" xsi:schemaLocation="http://www.loc.gov/MARC21/slim http://www.loc.gov/standards/marcxml/schema/MARC21slim.xsd">
<leader>00925njm 22002777a 4500</leader>
<datafield tag="042" ind1=" " ind2=" ">
<subfield code="a">dc</subfield>
</datafield>
<datafield tag="720" ind1=" " ind2=" ">
<subfield code="a">Marazuela Hernández, Claudia</subfield>
<subfield code="e">author</subfield>
</datafield>
<datafield tag="260" ind1=" " ind2=" ">
<subfield code="c">2025</subfield>
</datafield>
<datafield tag="520" ind1=" " ind2=" ">
<subfield code="a">El presente Trabajo de Fin de Grado aborda la enseñanza de la lectura y la escritura en la etapa de Educación Infantil a través del método global, desde una perspectiva teórica y práctica. Para ello, se lleva a cabo una revisión bibliográfica sobre algunos aspectos relativos a la enseñanza del lenguaje escrito en edades tempranas, analizando distintos métodos de enseñanza y profundizando especialmente en el método global y algunas aportaciones del método Doman. Teniendo en cuenta esta teoría se diseña e implementa una propuesta de intervención en un aula con alumnos de 4 años, con el fin de favorecer&#xd;
un acercamiento significativo al lenguaje escrito a través del método global y poder establecer conclusiones respecto a su aplicación.</subfield>
</datafield>
<datafield tag="024" ind2=" " ind1="8">
<subfield code="a">https://uvadoc.uva.es/handle/10324/76557</subfield>
</datafield>
<datafield tag="245" ind1="0" ind2="0">
<subfield code="a">Lectura y escritura en Educación Infantil. El método global.</subfield>
</datafield>
</record></metadata></record></GetRecord></OAI-PMH>